| 000 | 00501nam a2200157 a 4500 | ||
|---|---|---|---|
| 008 | 120416s0000 ||||||||||||||||| || u | ||
| 020 | _a0273017330 | ||
| 050 | _aHB 171 Har | ||
| 100 | _aHarbury, Colin | ||
| 245 | 1 | 0 | _aDescriptive economics |
| 250 | _a6th.ed | ||
| 260 |
_aLondon _bPitman _c1981 |
||
| 300 | _axi, 286p. : ill | ||
| 350 | _a0.00 | ||
| 995 |
_D0.00 _FCBU-MAIN LIBRARY (Kitwe) _H1 _I6.95 _UAVAILABLE _ZAnnex Low-Usage Collection |
||
| 999 |
_c39640 _d39640 |
||